| 000 | 00668nam a2200241Ia 4500 | ||
|---|---|---|---|
| 003 | OSt | ||
| 005 | 20220918230014.0 | ||
| 006 | a|||||r|||| 00| 0 | ||
| 007 | ta | ||
| 008 | 220917b |||||||| |||| 00| 0 eng d | ||
| 024 | _a247,741 | ||
| 037 | _cTextual | ||
| 040 |
_aARTS _cARTS _beng |
||
| 041 |
_2eng _aeng |
||
| 082 | _aX:97D.6.9G.N7<---N4, M0 | ||
| 100 |
_aLuckhardt Ken _9151696 |
||
| 245 | 0 | _aOrganize or starve | |
| 260 |
_aLondon _bLawrence and Wishart UK _c1980 |
||
| 650 | _aECONOMICS | ||
| 700 |
_a Wall Brenda _9151697 |
||
| 942 |
_hX:97D.6.9G.N7<---N4, M0 _cTEXL _2CC |
||
| 999 |
_c286742 _d286742 |
||